[Event "HUN-chT2 Breyer 1718"]
[Site "Hungary"]
[Date "2018.03.25"]
[Round "10.6"]
[White "Kajzinger, Robert"]
[Black "Korim, Zsolt"]
[Result "1-0"]
[WhiteElo "1987"]
[BlackElo "1812"]
[PlyCount "65"]
[EventDate "2017.09.24"]
[EventType "team-tourn"]
[EventRounds "11"]
[EventCountry "HUN"]
[SourceTitle "EXT 2021"]
[Source "ChessBase"]
[SourceDate "2020.10.23"]
[SourceVersion "1"]
[SourceVersionDate "2020.10.23"]
[SourceQuality "1"]
[WhiteTeam "Paty"]
[BlackTeam "Tatabanya Turul"]
[WhiteTeamCountry "HUN"]
[BlackTeamCountry "HUN"]

1. d4 d5 2. Nf3 c6 3. Bf4 Bf5 4. c4 Nf6 5. Nc3 e6 6. Qb3 Qb6 7. c5 Qxb3 8. axb3 Na6 9. e3 Nb4 10. Kd2 Ne4+ 11. Nxe4 dxe4 12. Ne5 Nd5 13. Bg3 Be7 14. Nc4 0-0 15. Na5 b6 16. Nxc6 bxc5 17. Nxe7+ Nxe7 18. Bd6 cxd4 19. exd4 Rfd8 20. Bxe7 Rxd4+ 21. Ke3 Rd7 22. Bc5 Rc8 23. b4 h6 24. Be2 Rb8 25. Rhd1 Rxd1 26. Bxd1 Rd8 27. Be2 Bg6 28. Rxa7 e5 29. b5 f5 30. g3 Bf7 31. b6 Bd5 32. b7 Kh7 33. Ra8 1-0

[Event "HUN-chT2 Breyer 1617"]
[Site "Hungary"]
[Date "2017.02.12"]
[Round "6.6"]
[White "Kajzinger, Robert"]
[Black "Koncz, Imre"]
[Result "1/2-1/2"]
[WhiteElo "1992"]
[BlackElo "2100"]
[PlyCount "78"]
[EventDate "2016.10.30"]
[EventType "team-tourn"]
[EventRounds "9"]
[EventCountry "HUN"]
[SourceTitle "EXT 2021"]
[Source "ChessBase"]
[SourceDate "2020.10.23"]
[SourceVersion "1"]
[SourceVersionDate "2020.10.23"]
[SourceQuality "1"]
[WhiteTeam "Paty"]
[BlackTeam "Torokbalint"]
[WhiteTeamCountry "HUN"]
[BlackTeamCountry "HUN"]

1. d4 Nf6 2. Nf3 c5 3. c3 e6 4. Bf4 b6 5. e3 Bb7 6. Bd3 Be7 7. Nbd2 d5 8. Bxb8 Qxb8 9. Bb5+ Kf8 10. Ne5 Qc7 11. h4 a6 12. Bd3 Nd7 13. f4 f6 14. Nef3 Bd6 15. 0-0 Ke7 16. Rc1 Raf8 17. f5 e5 18. e4 exd4 19. cxd4 Bf4 20. exd5 Bxd5 21. Re1+ Kf7 22. dxc5 bxc5 23. Bc4 Bxc4 24. Nxc4 Rd8 25. Qd5+ Kf8 26. Rcd1 g6 27. Re6 Rg8 28. Nb6 Rg7 29. Na4 Re8 30. Nc3 gxf5 31. Qxf5 Rxe6 32. Qxe6 Qb6 33. Re1 Qxe6 34. Rxe6 a5 35. Nd5 Be5 36. b3 Kf7 37. Ra6 Bd4+ 38. Kf1 Rg4 39. Rd6 Ke8 1/2-1/2

[Event "HUN-chT2 Breyer 1516"]
[Site "Hungary"]
[Date "2015.09.13"]
[Round "1.8"]
[White "Kajzinger, Robert"]
[Black "Kovacs, Istvan"]
[Result "0-1"]
[WhiteElo "2001"]
[BlackElo "1880"]
[PlyCount "124"]
[EventDate "2015.09.13"]
[EventType "team-tourn"]
[EventRounds "11"]
[EventCountry "HUN"]
[SourceTitle "CBM 170 Extra"]
[Source "ChessBase"]
[SourceDate "2016.02.25"]
[SourceVersion "1"]
[SourceVersionDate "2016.02.25"]
[SourceQuality "1"]
[WhiteTeam "Zsambek"]
[BlackTeam "Szazhalombatta"]
[WhiteTeamCountry "HUN"]
[BlackTeamCountry "HUN"]

1. d4 d5 2. Nf3 g6 3. Bg5 Bg7 4. e3 Nf6 5. Bd3 0-0 6. h3 c6 7. c3 Qb6 8. Qb3 Qxb3 9. axb3 a6 10. Nbd2 b5 11. b4 Bb7 12. Nb3 Nbd7 13. Na5 Rfb8 14. Bf4 Ra7 15. Bxb8 Nxb8 16. 0-0 Ba8 17. Ra2 Nfd7 18. Rfa1 Nb6 19. Bc2 f6 20. Ne1 e5 21. Nd3 e4 22. Nc5 Bf8 23. Nab3 Bb7 24. Bd1 Bc8 25. f3 f5 26. fxe4 dxe4 27. Nd2 Nd5 28. Bb3 Bh6 29. Bxd5+ cxd5 30. Kf2 Bf8 31. Ndb3 Kf7 32. Nc1 h5 33. h4 Kf6 34. Ne2 Bd6 35. g3 g5 36. hxg5+ Kxg5 37. Rh1 Nd7 38. Ne6+ Kh6 39. N6f4 Nf6 40. Rh4 Rg7 41. Ra1 Rg5 42. Rah1 Ng4+ 43. Rxg4 fxg4 44. Kg2 Rf5 45. Nc1 Bxf4 46. gxf4 Kg6 47. Nb3 Rf6 48. Kg3 Rf7 49. Ra1 Rh7 50. Kh4 Kf5 51. Nc5 Rh6 52. Ra2 Rg6 53. Ra1 Rc6 54. Ra3 Rg6 55. Ra1 Rh6 56. b3 Rg6 57. Kxh5 g3 58. Rg1 g2 59. Kh4 Kf6 60. c4 Rg4+ 61. Kh5 Rg3 62. cxd5 Rh3# 0-1

[Event "HUN-chT2 Breyer 1314"]
[Site "Hungary"]
[Date "2014.04.27"]
[Round "9"]
[White "Kajzinger, Robert"]
[Black "Fekete, Laszlo1111"]
[Result "1-0"]
[WhiteElo "1999"]
[BlackElo "1793"]
[PlyCount "57"]
[EventDate "2013.09.08"]
[EventType "team-tourn"]
[EventRounds "9"]
[EventCountry "HUN"]
[SourceTitle "EXT 2016"]
[Source "ChessBase"]
[SourceDate "2015.10.08"]
[SourceVersion "1"]
[SourceVersionDate "2015.10.08"]
[SourceQuality "1"]
[WhiteTeam "Zsambek"]
[BlackTeam "Gyor Szechenyi"]
[WhiteTeamCountry "HUN"]
[BlackTeamCountry "HUN"]

1. d4 d5 2. Nf3 Nf6 3. Bf4 Bg4 4. Ne5 Bf5 5. c4 c6 6. Nc3 Nbd7 7. cxd5 cxd5 8. Qb3 Nb6 9. a4 a5 10. e3 e6 11. Bb5+ Nfd7 12. 0-0 Bb4 13. Nxd7 Nxd7 14. Rac1 Rc8 15. Na2 Bd2 16. Rxc8 Qxc8 17. Rd1 Bxe3 18. Qxe3 0-0 19. Rc1 Qd8 20. Bc7 Qe7 21. Bxa5 Ra8 22. Bb4 Qd8 23. Qc3 h6 24. Qc7 Nf6 25. Qxd8+ Rxd8 26. Be7 Ra8 27. f3 Nh7 28. Rc7 Bc2 29. Rxc2 1-0

[Event "HUN-chT2 Breyer 1314"]
[Site "Hungary"]
[Date "2014.04.13"]
[Round "8.7"]
[White "Szanto, Levente"]
[Black "Kajzinger, Robert"]
[Result "1/2-1/2"]
[WhiteElo "1947"]
[BlackElo "1999"]
[PlyCount "92"]
[EventDate "2013.09.08"]
[EventType "team-tourn"]
[EventRounds "9"]
[EventCountry "HUN"]
[SourceTitle "EXT 2016"]
[Source "ChessBase"]
[SourceDate "2015.10.08"]
[SourceVersion "1"]
[SourceVersionDate "2015.10.08"]
[SourceQuality "1"]
[WhiteTeam "Tatabanya Turul"]
[BlackTeam "Zsambek"]
[WhiteTeamCountry "HUN"]
[BlackTeamCountry "HUN"]

1. e4 c5 2. Nf3 Nc6 3. d4 cxd4 4. Nxd4 d6 5. Nc3 Nf6 6. Be2 e6 7. 0-0 Be7 8. Be3 0-0 9. f4 a6 10. Qe1 e5 11. Nxc6 bxc6 12. Qg3 Qc7 13. fxe5 dxe5 14. Bh6 Ne8 15. Bc4 Bc5+ 16. Kh1 Kh8 17. Be3 Bxe3 18. Qxe3 Nf6 19. Qc5 Bb7 20. Nd5 Nxd5 21. exd5 Rad8 22. Rad1 Qd6 23. Qxd6 Rxd6 24. dxc6 Rxd1 25. Rxd1 Bxc6 26. Bxa6 f5 27. Bc4 g5 28. Bd5 Be8 29. c4 e4 30. b4 Ba4 31. Re1 Kg7 32. b5 h5 33. b6 Kf6 34. Bxe4 Re8 35. Rf1 Rxe4 36. b7 Re8 37. Rb1 Rb8 38. c5 Bc6 39. Rb6 Rxb7 40. Rxc6+ Ke5 41. Rb6 Ra7 42. Rb2 Kd5 43. Rc2 Kc6 44. Kg1 f4 45. Kf2 Ra3 46. Ke2 g4 1/2-1/2

[Event "HUN-chT2 Breyer 1314"]
[Site "Hungary"]
[Date "2014.02.16"]
[Round "5"]
[White "Kajzinger, Robert"]
[Black "Ikanov, Imre"]
[Result "1/2-1/2"]
[WhiteElo "1999"]
[BlackElo "2001"]
[PlyCount "20"]
[EventDate "2013.09.08"]
[EventType "team-tourn"]
[EventRounds "9"]
[EventCountry "HUN"]
[SourceTitle "EXT 2016"]
[Source "ChessBase"]
[SourceDate "2015.10.08"]
[SourceVersion "1"]
[SourceVersionDate "2015.10.08"]
[SourceQuality "1"]
[WhiteTeam "Zsambek"]
[BlackTeam "Zoltek"]
[WhiteTeamCountry "HUN"]
[BlackTeamCountry "HUN"]

1. d4 e6 2. Nf3 d5 3. Bf4 Bd6 4. Bg3 f5 5. e3 Nf6 6. Bd3 0-0 7. Ne5 Nbd7 8. f4 c5 9. c3 Qb6 10. b3 Ne4 1/2-1/2

[Event "HUN-chT2 Breyer 1112"]
[Site "Hungary"]
[Date "2012.02.19"]
[Round "6.9"]
[White "Draga, Balazs"]
[Black "Kajzinger, Robert"]
[Result "1/2-1/2"]
[WhiteElo "1924"]
[BlackElo "2021"]
[PlyCount "57"]
[EventDate "2011.09.25"]
[EventType "team-tourn"]
[EventRounds "11"]
[EventCountry "HUN"]
[SourceTitle "EXT 2013"]
[Source "ChessBase"]
[SourceDate "2012.11.22"]
[SourceVersion "1"]
[SourceVersionDate "2012.11.22"]
[SourceQuality "1"]
[WhiteTeam "Zoltek"]
[BlackTeam "Zsambek"]
[WhiteTeamCountry "HUN"]
[BlackTeamCountry "HUN"]

1. c4 c6 2. Nc3 d5 3. cxd5 cxd5 4. d4 Nf6 5. Nf3 Nc6 6. e3 Bf5 7. Bd3 Bg6 8. 0-0 e6 9. Nh4 Bd6 10. f4 Rc8 11. a3 0-0 12. Nxg6 hxg6 13. Bd2 Na5 14. b3 Be7 15. Na4 Nc6 16. Qf3 Na5 17. Rfb1 a6 18. Qd1 b5 19. Nc5 Bxc5 20. dxc5 Nc6 21. b4 e5 22. a4 e4 23. Be2 d4 24. axb5 axb5 25. Bxb5 dxe3 26. Bxe3 Qxd1+ 27. Rxd1 Nxb4 28. Ra4 Nbd5 29. Bd4 1/2-1/2

[Event "HUN-chT2 Breyer 1112"]
[Site "Hungary"]
[Date "2011.10.30"]
[Round "2.8"]
[White "Kajzinger, Robert"]
[Black "Czimer, Jozsef"]
[Result "1/2-1/2"]
[WhiteElo "2021"]
[BlackElo "1783"]
[PlyCount "103"]
[EventDate "2011.09.25"]
[EventType "team-tourn"]
[EventRounds "11"]
[EventCountry "HUN"]
[SourceTitle "EXT 2013"]
[Source "ChessBase"]
[SourceDate "2012.11.22"]
[SourceVersion "1"]
[SourceVersionDate "2012.11.22"]
[SourceQuality "1"]
[WhiteTeam "Zsambek"]
[BlackTeam "MAV Elore"]
[WhiteTeamCountry "HUN"]
[BlackTeamCountry "HUN"]

1. d4 Nf6 2. Nf3 g6 3. Bg5 Bg7 4. e3 d6 5. Bd3 0-0 6. Nbd2 Nbd7 7. 0-0 Re8 8. c3 c6 9. Qb3 Qb6 10. Nc4 Qxb3 11. axb3 b6 12. b4 Bb7 13. Ra3 d5 14. Nce5 b5 15. Bxf6 Nxf6 16. Nd2 Red8 17. Rfa1 a6 18. Be2 Nd7 19. Nd3 e5 20. dxe5 Bxe5 21. Nb3 Bd6 22. Na5 Rab8 23. Nxb7 Rxb7 24. Rxa6 Rc8 25. Nc1 Nb6 26. Nb3 Na4 27. Na5 Rb6 28. Rxb6 Nxb6 29. Nb3 Na4 30. Ra2 Rb8 31. Nd4 Rb6 32. Nxc6 Nxc3 33. bxc3 Rxc6 34. Ra3 Be5 35. Bxb5 Rxc3 36. Ra8+ Kg7 37. Bf1 d4 38. exd4 Bxd4 39. Ra2 Rb3 40. b5 Rb4 41. Rd2 Kf6 42. g3 Ke5 43. Kg2 g5 44. h3 f5 45. f3 f4 46. h4 h6 47. Bd3 Be3 48. Rc2 gxh4 49. gxh4 Kd4 50. Bf1 Kd5 51. Kh3 Rb1 52. Kg2 1/2-1/2

[Event "HUN-chT2 Breyer 1011"]
[Site "Hungary"]
[Date "2010.10.24"]
[Round "4.7"]
[White "Kajzinger, Robert"]
[Black "Ferencz, Istvan"]
[Result "1-0"]
[WhiteElo "2023"]
[BlackElo "2052"]
[PlyCount "63"]
[EventDate "2010.09.12"]
[EventType "team-tourn"]
[EventRounds "11"]
[EventCountry "HUN"]
[SourceTitle "EXT 2012"]
[Source "ChessBase"]
[SourceDate "2011.11.24"]
[SourceVersion "1"]
[SourceVersionDate "2011.11.24"]
[SourceQuality "1"]
[WhiteTeam "Zsambek"]
[BlackTeam "Geniusz Tata"]
[WhiteTeamCountry "HUN"]
[BlackTeamCountry "HUN"]

1. d4 d5 2. Nf3 e6 3. Bf4 c5 4. c3 Nc6 5. e3 a6 6. a4 b6 7. Nbd2 Nf6 8. Bd3 Bb7 9. Ne5 Be7 10. Bc2 Rc8 11. Ndf3 Nxe5 12. Nxe5 0-0 13. Qd3 c4 14. Qe2 Qe8 15. Qf3 Ne4 16. Qh3 f5 17. f3 Nd6 18. g4 g6 19. Rg1 Rd8 20. gxf5 exf5 21. Ke2 Rf6 22. Rg2 Bc8 23. Rag1 Be6 24. Bg5 Bf7 25. Bxf6 Bxf6 26. f4 Ne4 27. Qxf5 Bg7 28. Qxf7+ Qxf7 29. Nxf7 Kxf7 30. Bxe4 dxe4 31. f5 Rd6 32. Rg4 1-0

[Event "HUN-chT2 Breyer 0910"]
[Site "Hungary"]
[Date "2010.02.28"]
[Round "7"]
[White "Kajzinger, Robert"]
[Black "Pram, Imre"]
[Result "0-1"]
[WhiteElo "2015"]
[BlackElo "2081"]
[PlyCount "52"]
[EventDate "2009.11.08"]
[EventType "team-tourn"]
[EventRounds "11"]
[EventCountry "HUN"]
[SourceTitle "EXT 2011"]
[Source "ChessBase"]
[SourceDate "2010.11.26"]
[SourceVersion "1"]
[SourceVersionDate "2010.11.26"]
[SourceQuality "1"]
[WhiteTeam "Zsambek"]
[BlackTeam "Gyor Komszomol"]
[WhiteTeamCountry "HUN"]
[BlackTeamCountry "HUN"]

1. d4 d5 2. Nf3 Bf5 3. c4 e6 4. Nc3 c6 5. Bf4 Bd6 6. Bg3 Nf6 7. e3 Bxg3 8. hxg3 Qb6 9. Qb3 h6 10. c5 Qc7 11. Ne5 Nbd7 12. Nxd7 Nxd7 13. f4 e5 14. fxe5 0-0-0 15. Qd1 f6 16. Qf3 Be6 17. exf6 Rhf8 18. Qf4 Qa5 19. g4 Nxf6 20. Bd3 Nxg4 21. Qg3 Nf2 22. Ke2 Nxd3 23. Kxd3 Bf5+ 24. e4 Bxe4+ 25. Kd2 Qb4 26. Qe3 Qxb2+ 0-1

[Event "HUN-chT2 Breyer 0809"]
[Site "Hungary"]
[Date "2009.04.19"]
[Round "11"]
[White "Kajzinger, Robert"]
[Black "Somogyi, Gabor"]
[Result "1-0"]
[WhiteElo "2016"]
[BlackElo "1925"]
[PlyCount "83"]
[EventDate "2008.10.26"]
[EventType "team-tourn"]
[EventRounds "11"]
[EventCountry "HUN"]
[SourceTitle "EXT 2010"]
[Source "ChessBase"]
[SourceDate "2010.11.25"]
[SourceVersion "1"]
[SourceVersionDate "2010.11.25"]
[SourceQuality "1"]
[WhiteTeam "Zsambek"]
[BlackTeam "Dunaharaszti II"]
[WhiteTeamCountry "HUN"]
[BlackTeamCountry "HUN"]

1. d4 Nf6 2. Nf3 c5 3. c3 cxd4 4. cxd4 d5 5. Bf4 Nc6 6. Qb3 e6 7. e3 Be7 8. Nc3 a6 9. Rc1 0-0 10. Bd3 Qa5 11. 0-0 Nh5 12. Bg5 f6 13. Bh4 g5 14. Bg3 Nxg3 15. hxg3 f5 16. Na4 h6 17. Nc5 Rb8 18. a3 Qc7 19. Qc2 Bxc5 20. Qxc5 Bd7 21. Ne5 Rfd8 22. Nxd7 Qxd7 23. Bxa6 bxa6 24. Qxc6 Rxb2 25. Qxa6 Rbb8 26. Rc3 Ra8 27. Qd3 Rdc8 28. Rfc1 Rxc3 29. Rxc3 Qe7 30. g4 Qf7 31. Qc2 Ra7 32. Rc8+ Kg7 33. gxf5 Qxf5 34. Rc7+ Rxc7 35. Qxc7+ Kg6 36. Qe5 Qb1+ 37. Kh2 Qb6 38. g4 Qa6 39. Kg2 Qc6 40. a4 Kf7 41. a5 Qc2 42. a6 1-0

[Event "HUN-chT2 Breyer 0809"]
[Site "Hungary"]
[Date "2009.03.08"]
[Round "9"]
[White "Kajzinger, Robert"]
[Black "Kiss, Kinga"]
[Result "0-1"]
[WhiteElo "2016"]
[BlackElo "2113"]
[PlyCount "80"]
[EventDate "2008.10.26"]
[EventType "team-tourn"]
[EventRounds "11"]
[EventCountry "HUN"]
[SourceTitle "EXT 2010"]
[Source "ChessBase"]
[SourceDate "2010.11.25"]
[SourceVersion "1"]
[SourceVersionDate "2010.11.25"]
[SourceQuality "1"]
[WhiteTeam "Zsambek"]
[BlackTeam "Geniusz Tata"]
[WhiteTeamCountry "HUN"]
[BlackTeamCountry "HUN"]

1. d4 Nf6 2. Nf3 e6 3. Bf4 b6 4. c4 Bb4+ 5. Nc3 Bb7 6. e3 0-0 7. Bd3 Bxc3+ 8. bxc3 Ne4 9. Qc2 f5 10. h4 d6 11. Qb3 Qe7 12. c5 Nc6 13. cxd6 cxd6 14. Bxe4 fxe4 15. Nd2 d5 16. Rc1 Rac8 17. a3 Nxd4 18. exd4 Rxf4 19. g3 Rf7 20. Nf1 Qf6 21. Rh2 Ba6 22. Ne3 Qf3 23. Qd1 Qxd1+ 24. Kxd1 Rfc7 25. Kd2 e5 26. Nxd5 Rd7 27. Nb4 Bb5 28. Nc2 Ba4 29. Rhh1 Bxc2 30. Rxc2 exd4 31. cxd4 Rxd4+ 32. Kc1 Rxc2+ 33. Kxc2 Rd3 34. Re1 Rxa3 35. Rxe4 Ra2+ 36. Kb3 Rxf2 37. g4 Kf7 38. Kb4 a5+ 39. Kb5 Rb2+ 40. Kc6 Rb4 0-1

[Event "HUN-chT2 Breyer 0809"]
[Site "Hungary"]
[Date "2009.02.22"]
[Round "8"]
[White "Zalan, Janos"]
[Black "Kajzinger, Robert"]
[Result "1-0"]
[WhiteElo "2025"]
[BlackElo "2016"]
[PlyCount "35"]
[EventDate "2008.10.26"]
[EventType "team-tourn"]
[EventRounds "11"]
[EventCountry "HUN"]
[SourceTitle "EXT 2010"]
[Source "ChessBase"]
[SourceDate "2010.11.25"]
[SourceVersion "1"]
[SourceVersionDate "2010.11.25"]
[SourceQuality "1"]
[WhiteTeam "Gyor Komszomol"]
[BlackTeam "Zsambek"]
[WhiteTeamCountry "HUN"]
[BlackTeamCountry "HUN"]

1. e4 c5 2. Nf3 d6 3. d4 cxd4 4. Qxd4 Bd7 5. c4 Nc6 6. Qd2 Nf6 7. Nc3 Bg4 8. Be2 e6 9. 0-0 Be7 10. Rd1 0-0 11. b3 Qa5 12. h3 Bh5 13. Bb2 Rfe8 14. Nd4 Bg6 15. Nxc6 bxc6 16. Nd5 Qxd2 17. Nxe7+ Kf8 18. Nxg6+ 1-0

[Event "HUN-chT2 Breyer 0809"]
[Site "Hungary"]
[Date "2008.12.21"]
[Round "4"]
[White "Kajzinger, Robert"]
[Black "Voros, Sandor"]
[Result "1/2-1/2"]
[WhiteElo "2016"]
[BlackElo "2055"]
[PlyCount "51"]
[EventDate "2008.10.26"]
[EventType "team-tourn"]
[EventRounds "11"]
[EventCountry "HUN"]
[SourceTitle "EXT 2010"]
[Source "ChessBase"]
[SourceDate "2010.11.25"]
[SourceVersion "1"]
[SourceVersionDate "2010.11.25"]
[SourceQuality "1"]
[WhiteTeam "Zsambek"]
[BlackTeam "Turul"]
[WhiteTeamCountry "HUN"]
[BlackTeamCountry "HUN"]

1. e4 c5 2. c3 d5 3. exd5 Qxd5 4. d4 Nc6 5. Nf3 Nf6 6. Be2 cxd4 7. cxd4 e6 8. Nc3 Qd6 9. a3 a6 10. 0-0 Be7 11. Bg5 0-0 12. Qa4 Bd7 13. Rad1 b5 14. Qc2 Rac8 15. Qd2 Qb8 16. d5 Nxd5 17. Nxd5 exd5 18. Qxd5 Be6 19. Qe4 Rfe8 20. Bd3 g6 21. Qh4 Bf8 22. Bh6 Be7 23. Bg5 Bf8 24. Rfe1 Bb3 25. Rc1 Rxe1+ 26. Rxe1 1/2-1/2

[Event "HUN-chT2 Breyer 0708"]
[Site "Hungary"]
[Date "2008.05.18"]
[Round "11"]
[White "Kajzinger, Robert"]
[Black "Szabo, Lajos"]
[Result "1/2-1/2"]
[WhiteElo "2054"]
[BlackElo "2041"]
[PlyCount "28"]
[EventDate "2007.10.14"]
[EventType "team"]
[EventRounds "11"]
[EventCountry "HUN"]
[SourceTitle "EXT 2009"]
[Source "ChessBase"]
[SourceDate "2008.11.26"]
[SourceVersion "1"]
[SourceVersionDate "2008.11.26"]
[SourceQuality "1"]
[WhiteTeam "Zsambek"]
[BlackTeam "Zoltek"]
[WhiteTeamCountry "HUN"]
[BlackTeamCountry "HUN"]

1. d4 Nf6 2. Nf3 g6 3. Bg5 d5 4. e3 Bg7 5. Bd3 Nbd7 6. c4 dxc4 7. Bxc4 c5 8. 0-0 0-0 9. h3 cxd4 10. exd4 Qc7 11. Bb3 e5 12. dxe5 Nxe5 13. Nc3 a6 14. Re1 Nc6 1/2-1/2

[Event "HUN-chT2 Breyer 0708"]
[Site "Hungary"]
[Date "2007.12.16"]
[Round "5"]
[White "Gelle, Istvan"]
[Black "Kajzinger, Robert"]
[Result "1-0"]
[WhiteElo "2324"]
[BlackElo "2054"]
[PlyCount "131"]
[EventDate "2007.10.14"]
[EventType "team"]
[EventRounds "11"]
[EventCountry "HUN"]
[SourceTitle "EXT 2009"]
[Source "ChessBase"]
[SourceDate "2008.11.26"]
[SourceVersion "1"]
[SourceVersionDate "2008.11.26"]
[SourceQuality "1"]
[WhiteTeam "Hobagoly"]
[BlackTeam "Zsambek"]
[WhiteTeamCountry "HUN"]
[BlackTeamCountry "HUN"]

1. d4 d5 2. Bf4 c5 3. e3 cxd4 4. exd4 Nc6 5. c3 Qb6 6. Qb3 Qxb3 7. axb3 Bf5 8. b4 Nf6 9. b5 Nb8 10. Bxb8 Rxb8 11. Nd2 Ra8 12. b6 a6 13. Ngf3 e6 14. Bb5+ Kd8 15. Ne5 Bg6 16. 0-0 Bd6 17. Ndf3 Ke7 18. Ba4 Bh5 19. Nd2 Bxe5 20. dxe5 Nd7 21. Bxd7 Kxd7 22. Ra4 Rac8 23. Rfa1 Be2 24. Nb3 f6 25. Re1 Bc4 26. Nd4 fxe5 27. Rxe5 Rhe8 28. Ra1 Re7 29. Rae1 Rce8 30. b4 Kd6 31. R1e3 g6 32. f4 Ba2 33. Re1 Bc4 34. R5e3 e5 35. fxe5+ Rxe5 36. Rxe5 Rxe5 37. Rxe5 Kxe5 38. Nc6+ Kd6 39. Na5 Bb5 40. Kf2 Bd7 41. Ke3 Bc8 42. Kf4 h6 43. h4 Ke6 44. g4 Kf6 45. g5+ hxg5+ 46. hxg5+ Ke6 47. Nb3 Kd6 48. Nd4 Bd7 49. Nf3 Bf5 50. Ne5 Bc2 51. Nf7+ Ke7 52. Nh6 Kd6 53. Ng4 Bf5 54. Nf6 Bc2 55. Ke3 Bb3 56. Kd4 Ba2 57. Ng4 Bb1 58. Ne3 Ba2 59. Ng2 Ke6 60. Nf4+ Kf5 61. Nxd5 Bxd5 62. Kxd5 Kxg5 63. c4 Kf5 64. c5 g5 65. c6 bxc6+ 66. Kxc6 1-0

[Event "HUN-chT2 Breyer 0708"]
[Site "Hungary"]
[Date "2007.11.11"]
[Round "2"]
[White "Kajzinger, Robert"]
[Black "Szobi, Geza Jr"]
[Result "0-1"]
[WhiteElo "2054"]
[BlackElo "2167"]
[PlyCount "66"]
[EventDate "2007.10.14"]
[EventType "team"]
[EventRounds "11"]
[EventCountry "HUN"]
[SourceTitle "EXT 2009"]
[Source "ChessBase"]
[SourceDate "2008.11.26"]
[SourceVersion "1"]
[SourceVersionDate "2008.11.26"]
[SourceQuality "1"]
[WhiteTeam "Zsambek"]
[BlackTeam "Geniusz Tata"]
[WhiteTeamCountry "HUN"]
[BlackTeamCountry "HUN"]

1. d4 g6 2. Nf3 Bg7 3. Bg5 h6 4. Bf4 d6 5. e3 Nf6 6. Nbd2 Nh5 7. Bg3 Nxg3 8. hxg3 0-0 9. Bc4 e5 10. c3 d5 11. Bb3 e4 12. Ng1 c6 13. c4 Be6 14. Nh3 g5 15. Qe2 Qe7 16. 0-0 Qd7 17. Kh2 a5 18. a3 Na6 19. Rfc1 Rfc8 20. Rc2 Rc7 21. c5 f5 22. Ba2 Qf7 23. Rb1 Re7 24. b4 axb4 25. axb4 Nc7 26. Nb3 Nb5 27. Rbb2 Rf8 28. Nd2 Qg6 29. Nb1 f4 30. gxf4 gxf4 31. Nxf4 Rxf4 32. exf4 Nxd4 33. Qd2 Nf3+ 0-1

[Event "HUN-chT2 Breyer 0506"]
[Site "Hungary"]
[Date "2006.02.26"]
[Round "8"]
[White "Kajzinger, Robert"]
[Black "Fekete, Istvan1111"]
[Result "0-1"]
[WhiteElo "2055"]
[BlackElo "2093"]
[PlyCount "52"]
[EventDate "2005.10.16"]
[EventType "team"]
[EventRounds "11"]
[EventCountry "HUN"]
[SourceTitle "EXT 2009"]
[Source "ChessBase"]
[SourceDate "2008.11.26"]
[SourceVersion "1"]
[SourceVersionDate "2008.11.26"]
[SourceQuality "1"]
[WhiteTeam "Turul"]
[BlackTeam "Vertesi Eromu"]
[WhiteTeamCountry "HUN"]
[BlackTeamCountry "HUN"]

1. e4 c5 2. d4 cxd4 3. c3 dxc3 4. Nxc3 Nc6 5. Nf3 d6 6. Bc4 e6 7. 0-0 Be7 8. Qe2 a6 9. a4 Nf6 10. Rd1 Qc7 11. h3 0-0 12. Bf4 b6 13. Rac1 Bb7 14. Ba2 Qb8 15. Qe3 Nb4 16. Bb1 Bc6 17. Bg5 Rd8 18. Qd4 a5 19. Be3 Nd7 20. Nb5 Nc5 21. Bd2 Bxb5 22. axb5 Nb3 23. Qe3 Nxc1 24. Rxc1 d5 25. Nd4 Bc5 26. Bc3 e5 0-1

[Event "HUN-chT2 Breyer 0506"]
[Site "Hungary"]
[Date "2006.02.12"]
[Round "7"]
[White "Kajzinger, Robert"]
[Black "Huszar, Richard"]
[Result "0-1"]
[WhiteElo "2055"]
[BlackElo "1962"]
[PlyCount "102"]
[EventDate "2005.10.16"]
[EventType "team"]
[EventRounds "11"]
[EventCountry "HUN"]
[SourceTitle "EXT 2009"]
[Source "ChessBase"]
[SourceDate "2008.11.26"]
[SourceVersion "1"]
[SourceVersionDate "2008.11.26"]
[SourceQuality "1"]
[WhiteTeam "Kisber Aszar"]
[BlackTeam "Turul"]
[WhiteTeamCountry "HUN"]
[BlackTeamCountry "HUN"]

1. d4 d5 2. Nc3 Nf6 3. Bg5 Bf5 4. Bxf6 exf6 5. e3 Bb4 6. Bd3 Be6 7. Nge2 0-0 8. 0-0 c6 9. f4 f5 10. g4 fxg4 11. f5 Bc8 12. Ng3 Qg5 13. Rf4 h5 14. f6 g6 15. Qf1 Bd6 16. Nce4 dxe4 17. Nxe4 Bxf4 18. Nxg5 Bxe3+ 19. Kg2 Bxg5 20. Re1 Be6 21. Bxg6 Nd7 22. Bf5 Rae8 23. Bxe6 fxe6 24. Qd3 Rxf6 25. c4 Ref8 26. d5 cxd5 27. cxd5 e5 28. Qb5 R8f7 29. Qxb7 Rb6 30. Qc8+ Kg7 31. Qc3 Rf3 32. Qc2 Rbf6 33. Qa4 Rf7 34. Qxa7 h4 35. Qa6 h3+ 36. Kh1 Rf2 37. Rg1 R2f4 38. Qe2 Kh6 39. Rxg4 Rxg4 40. Qxg4 Rf1+ 41. Qg1 Rxg1+ 42. Kxg1 Bf4 43. a4 Nc5 44. a5 Bd2 45. Kf2 Bxa5 46. Kg3 Kg5 47. Kxh3 Nd3 48. Kg3 Nxb2 49. Kf3 Bc7 50. Kg3 Nd1 51. Kf3 Nc3 0-1